000 00718cam a22002294a 4500
005 20251005110738.0
020 _a9781405859202
_cTZS 59,000.14/=
040 _aMCCL
_beng.
_eAACR 2nd. rev. ed.
082 0 0 _a346.04 BAI
100 1 _aBainbridge, David I.
245 1 0 _aIntellectual property law /
_cDavid Bainbridge
250 _a7th ed.
260 _aNew York :
_bPearson/Longman,
_cc2009.
300 _alix, 892 p. :
_bill. ;
_c21 cm.
504 _aIncludes bibliographical references and index.
546 _aeng.
650 0 _aIntellectual property
_zGreat Britain.
650 0 _aCopyright
700 1 _aBainbridge, David I.
856 4 1 _uhttp://www.loc.gov/catdir/toc/ecip0821/2008027600.html
942 _cBK
999 _c11862
_d11862